Crestomatía española: trozos escogidos de literatura española, desde nuestros días hasta el siglo XII

Saved in:
Bibliografiske detaljer
Main Authors: Pinochet Le-Brun, Fidel (Author), Castro, Darío (Author)
Format: Bog
Sprog:spansk
Udgivet: Santiago Sociedad Imprenta y Litografia Universo 1922
Udgivelse:5a. ed
Fag:
Tags: Tilføj Tag
Ingen Tags, Vær først til at tagge denne postø!

MARC

LEADER 00000cam a2200000 a 4500
001 UCD0603
003 CL-VaPUC
008 151204e19220000cl |||||||||||||||||spa|d
082 0 4 |a 860.9  |b LEB  |2 21 
100 |a Pinochet Le-Brun, Fidel  |e author  |9 353933 
700 0 |a Castro, Darío  |e author  |9 583557 
245 1 0 |a Crestomatía española: trozos escogidos de literatura española, desde nuestros días hasta el siglo XII 
250 |a 5a. ed 
300 |a t 
942 |c BK 
945 |d 20151204 12:43:00  |a gsalatino 
260 |a Santiago  |b Sociedad Imprenta y Litografia Universo  |c 1922 
650 7 |a CRESTOMATIA ESPAÑOLA  |2 CL-VaPUC  |9 378353 
650 0 |a Literatura española  |9 306261 
650 0 |a Retórica   |9 266620 
583 |a last modification  |c 20151204 12:43:00  |k Rodrigo Vera 
999 |c 362066  |d 362064 
952 |0 0  |1 0  |3 erd  |4 0  |6 860_900000000000000_LEB_1922  |7 0  |8 P  |9 472930  |a BIBTEO  |b BIBTES  |c TEO_FTES  |i 5272130  |o 860.9 LEB 1922  |p 5272130  |r 2024-01-18  |w 2019-11-24  |y BK  |z Catalogado en:20151204  |k ICR